000
00300nam a22001337a 4500
008
180907b xxu||||| |||| 00| 0 eng d
020
_a
9780781795180
041
_a
eng
080
_2
3 ED
_a
610.73
100
_a
2
101
_a
INF
245
_a
Clinical Nursing Skills
_c
LYnn.P
942
_2
udc
_c
BK
999
_c
47607
_d
47607